| 000 | 00506nam a22002051a 4500 | ||
|---|---|---|---|
| 001 | 1087 | ||
| 003 | OSt | ||
| 005 | 20260204211720.0 | ||
| 008 | 040116s1997||||sp ||||||b||||||||||spa|| | ||
| 020 | _a8478270558 | ||
| 050 | _a370 P94e | ||
| 082 | _a370 P94e | ||
| 245 | _aDel proyecto educativo a la programación de aula / S. Antúnez | ||
| 250 | _a10 | ||
| 264 | _aEspaña : Grao | ||
| 300 | _a149 p | ||
| 500 | _aIncluye bibliografía | ||
| 650 | _a1.Educación - IntroducciónÌ | ||
| 942 |
_2ddc _cBK |
||
| 999 |
_c1087 _d1087 |
||